02086cam a2200517 a 450000100060000000300080000600500170001400800410003102000260007202000260009802000260012402000260015002000260017602000260020202000260022802000260025402000260028002000260030602000260033202000260035802000260038402000260041002000270043602000270046303500190049004000500050904100180055908200180057710000230059524501060061826000780072430000650080250001820086750000190104950400500106850501160111865000430123465000180127765000430129583000540133870000220139270000310141470000570144570000370150283000290153924925BD-RjUL20211209001121.0140315r19511937mau b 000 0 eng d a0674992059 (v.1) (US) a0434991864 (v.1) (UK) a0674992237 (v.2) (US) a0674992326 (v.3) (US) a0674992679 (v.4) (US) a0434992429 (v.4) (UK) a0674993101 (v.5) (US) a043499281X (v.5) (UK) a0674993608 (v.6) (US) a0434993263 (v.6) (UK) a0674994027 (v.7) (US) a0434993654 (v.7) (UK) a0674994515 (v.8) (US) a0674994779 (v.9) (US) a0674995023 (v.10) (US) a0434994561 (v.10) (UK) a(BD-RjUL)24994 aBHAcBHAdm.c.dm/cdOCLdUkOxUdBD-RjULbeng1 aengagrchgrc04a933bJOJ 19511 aJosephus, Flavius.10aJosephus /cwith an English translation by Ralph marcus.nVolume-VIpJewish Antiquities, Books Ix-XI aCambridge, Mass ;bHarvard University Press,aLondon :c[reprinted 1951]. aV-6 (531 p.) :bgeneal. tables, maps (fold.), plan ;c17 cm. aVols. 1-4 translated by H. St. J. Thackeray; v. 5, by H. St. J. Thackeray and R. Marcus; v. 6-8 by R. Marcus (v. 8 completed and edited by A. Wikgren); v. 9-10 by L. H. Feldman. aImprints vary. aIncludes bibliographical references and index0 a1. The life. Against Apion -- 2-3. The Jewish War. 4-10. Jewish antiquities. General index, v. 10, pp. 159-383. 0aJewsxAntiquitiesvEarly works to 1800 0aJewsxHistory 0aHistory, AncientvEarly works to 1800. 0v186, 203, 210, 242, 281, 326, 365, 410, 433, 456.1 aFeldman, Louis H.1 aMarcus, Ralph,d1900-1956.1 aThackeray, H. St. J.q(Henry St. John),d1869?-1930.1 aWikgren, Allen Paul,d1906-1998. 0aLoeb classical library ;